| 000 | 01121cam a22002415a 4500 | ||
|---|---|---|---|
| 001 | L144426 | ||
| 008 | 080717s2005 xxkad f 001 0 eng d | ||
| 020 | _a0750660996 | ||
| 035 | _a(Sirsi) u144426 | ||
| 041 | 0 | _aeng | |
| 050 | 0 | 4 | _a720.68 $2 22 |
| 100 | 1 | _aLittlefield, David | |
| 245 | 0 | 4 | _aThe architect's guide to running a practice |
| 260 |
_aOxford _bArchitectural Press _c2008 |
||
| 300 |
_axiv, 121p. _bill. _c24cm. |
||
| 505 | 2 | _aMoney -- Marketing -- Staying small -- Managing growth -- Managing the office -- IT -- Appendices | |
| 520 | _aProvides essential information on how to set up and run an architectural practice. Examines issues such as finance, recruitment, IT, marketing and growth. Uses real life examples as case studies together with advice from practitioners, large and small, to give an insight into the challenges practitioners will face and how to build a successful business. Each chapter includes a list of action points. | ||
| 521 | 2 | 0 | _aAdvanced |
| 590 | _aKA | ||
| 651 | 4 |
_aUnited Kingdom _y |
|
| 690 | _aMANAGEMENT-BUSINESS MANAGEMENT-PROFESSIONAL PRACTICE | ||
| 942 | _n0 | ||
| 999 |
_c108504 _d108504 |
||